000 00426nam a2200181Ia 4500
001 13691
005 20260306164819.0
008 260306t2011||||xx |||||||||||||| ||spa||
041 _aESP
082 _a005.13
_bW19A
100 _aWalkenbach, John
_eAUT
245 0 _aExcel 2010. Los mejores trucos
260 _c2011
300 _a432 páginas :
_c23 cm.
650 _aGEN
654 _aCCC
942 _cLIB
_dJUS
_fJUS
_2ddc
_n
999 _c13691
_d13691